Bayer Leverkusen - Statistics

General Stats
  • This quiz has been taken 20 times
  • The average score is 16 of 28
Answer Stats
# Player % Correct
10 Florian Wirtz
94%
30 Jeremie Frimpong
94%
20 Alex Grimaldo
89%
22 Victor Boniface
89%
4 Jonathan Tah
83%
1 Lukas Hradecky
83%
34 Granit Xhaka
78%
21 Amine Adli
72%
3 Piero Hincapie
72%
8 Robert Andrich
72%
12 Edmond Tapsoba
67%
25 Exequiel Palacios
67%
7 Jonas Hofmann
67%
14 Patrik Schick
67%
2 Josip Stanisic
61%
19 Nathan Tella
56%
23 Adam Hlozek
50%
13 Arthur
44%
17 Matej Kovar
44%
36 Niklas Lomb
44%
6 Odilon Kossounou
44%
9 Borja Iglesias
33%
18 Noah Mbamba
28%
24 Timothy Fosu-Mensah
28%
47 Ayman Aourir
22%
32 Gustavo Puerta
22%
38 Ken Izekor
11%
31 Madi Monamay
11%
No matching quizzes found
Score Distribution
Percent of People with Each Score
Percentile by Number Answered
Your Score History
You have not taken this quiz